La Gironde en images - Statistiques

Statistiques générales
  • Ce quiz a été pris 158 fois
  • Le résultat moyen est 9 sur 18
Statistiques - réponses
Par images Hint Réponse % Correct
Ville Bordeaux
98%
site touristique Dune du Pilat
98%
spécialité Cannelé
97%
Nom girondin de cette viennoiserie Chocolatine
91%
spécialité arcachonaise Huitres
91%
Ancien maire de Bordeaux Alain Juppé
88%
célèbre explorateur océanique Commandant Cousteau
68%
spécialité de Saint Emilion Macaron de Saint Emilion
58%
écrivain Michel de Montaigne
50%
lieu Estuaire de la Gironde
35%
Ancienne région avec Bordeaux comme capitale Guyenne
28%
Nom local de la cabane sur piloti Cabane Tchanquée
27%
Ancienne usine Usine Ford de Blanquefort
26%
Chateau ( blanc liquoreux ) Yquem
11%
marché depuis 1315 Marché de Créon
8%
Chateau ( vin rouge ) Petrus
8%
piste cyclable Bordeaux Sauveterre Piste Cyclable Roger Lapébie
8%
Personnalité politique Hélène Thouy
4%
Aucun quiz correspondant
Distribution des résultats
% des personnes avec chaque résultat
Percentile par nombre de réponses
Votre historique - résultats
Vous n’avez pas pris ce quiz